000 00872nam a2200253Ia 4500
003 OSt
005 20221005110456.0
006 a|||||r|||| 00| 0
007 ta
008 221004b |||||||| |||| 00| 0 hin d
024 _a109060
037 _cTextual
040 _aCRL
_cCRL
_bhin
041 _2hin
_ahin
082 _aO152,1N16w, N4
100 _aव्यास, गोपालप्रसाद
245 0 _aकहो व्यास, कैसी कटी ?
246 _aKaho vyāsa, kaisī kaṭī ?
260 _aनई दिल्ली
_bनेशनल पब्लिशिंग हाउस भारत
_c1994
300 _a672पृ0
_ccm.
650 _aहिन्दी साहित्य
942 _hO152,1N16w, N4
_cTEXL
_2cc
999 _c1018943
_d1018943